Loreto College Library, Kolkata
WEBOPAC (ONLINE PUBLIC ACCESS CATALOGUE)

Hunger,deprivation and social exclusion (Record no. 41548)

MARC details
000 -LEADER
fixed length control field 00642nam a22002177a 4500
005 - DATE AND TIME OF LATEST TRANSACTION
control field 20180508154955.0
008 - FIXED-LENGTH DATA ELEMENTS--GENERAL INFORMATION
fixed length control field 180508b xxu||||| |||| 00| 0 eng d
020 ## - ISBN | অাই এস বি এন
ISBN | অাই এস বি এন 9788131608166
PRICE Rs.1250.00
040 ## - CATALOGING SOURCE
Original cataloging agency Loreto College
041 ## - LANGUAGE CODE
Language code English
082 ## - DDC | ডিউই
Classification number | বর্গসংখ্যা 338.9
Book Number | গ্রন্থাঙ্ক KUM
100 ## - MAIN ENTRY--PERSONAL NAME | মুখ্য সংলেখ - ব্যাক্তিনাম
Personal name | ব্যাক্তিনাম Kumbhar,R.K.
245 ## - TITLE STATEMENT | অাখ্যা বিবরণী
Title | অাখ্যা Hunger,deprivation and social exclusion
Sub title | উপঅাখ্যা A political economy perspective
Statement of responsibility | লেখকের দায়িত্বের বিবরণ R.K.Kumbhar
260 ## - IMPRINT | প্রকাশনা ক্ষেত্র
Place of publication | প্রকাশ স্থান Jaipur
Name of publisher | প্রকাশকের নাম Rawat Publications
Date of publication | প্রকাশ কাল 2017
300 ## - PHYSICAL DESCRIPTION |
Page / Vol. No | পৃষ্ঠা / খন্ড সংখ্যা xiv,296p
Other physical details | অনান্য বাহ্যিক বিবরণ 22cm
504 ## - BIBLIOGRAPHY, ETC. NOTE
Bibliography, etc Includes bibliographical references and index
650 ## - SUBJECT ADDED ENTRY--TOPICAL TERM | বিষয় শিরোনাম - মূল বিষয়
Topical term | মূল বিষয় Marginality,social
650 ## - SUBJECT ADDED ENTRY--TOPICAL TERM | বিষয় শিরোনাম - মূল বিষয়
Topical term | মূল বিষয় Poverty
Geographic subdivision | ভৌগলিক বিভাগ Odisha
850 ## - HOLDING INSTITUTION
Holding institution LCLIB
942 ## - ADDED ENTRY ELEMENTS (KOHA)
Koha item type Books
Holdings
Withdrawn status Lost status Source of classification Damaged status Not for loan Home library Current library Date acquired Price Total Checkouts Full call number Accession No. Date last seen Price effective from Koha item type
    Dewey Decimal Classification     Loreto College Loreto College 08/05/2018 1250.00   338.9 KUM 52450 45463 08/05/2018 08/05/2018 Books